00829nam a2200193Ia 4500008004100000020001500041041001200056082001100068100001400079245006000093260002500153300000800178650001600186700001700202942000700219999001500226952019700241952019700438221030s9999 xx 000 0 und d a0070619859 aEnglish a105.23 aB. Hughes 0aSoftware Project Managementcby B. Hughes, M. Cotterell bTMHaNew Delhic2010 a357 aBE Computer aM. Cotterell cBK c9125d9125 pBE 10789g395.00i345l0o105.23 eDurga Books, Amritsarr2024-06-13 00:00:00w2022-10-30yBK003Print4070aMIETLIBbMIETLIBcBL-Academic Block B, FL-1, CUP-58, SH-5, R-5d2010-07-0210HBE pBE 10790g395.00i345l0o105.23 eDurga Books, Amritsarr2024-06-13 00:00:00w2022-10-30yBK003Print4070aMIETLIBbMIETLIBcBL-Academic Block C, FL-2, CUP-91, SH-3, R-3d2010-07-0210HBE